Zefektívnenie materiálového toku a návrh systému pre balenie lamely a veka spojky pomocou navrhovanej metodiky v ZF Slovakia

Saved in:
Bibliographic Details
Main Author: Bachorík, Kristián (Author)
Other Authors: Delgado Sobrino, Daynier Rolando (Thesis advisor)
Format: Manuscript Book
Language:Slovak
Published: 2016
Subjects:
Online Access:http://is.stuba.sk/zp/portal_zp.pl?podrobnosti=118438
Tags: Add Tag
No Tags, Be the first to tag this record!

MARC

LEADER 00000ntm a22000003a 4500
001 stuzp56123
003 SK-STU
005 20160719154918.8
007 ta
008 150427s2015----xo-----f-mn---000-0-slo-d
040 |a STU  |b slo 
041 0 |a slo 
100 1 |a Bachorík, Kristián  |u 063000  |k Z4  |4 aut  |U MTF Materiálovotechnologická fakulta  |T MTF Ústav výrobných technológií  |X 9211  |U M3000  |Y 83  |7 A000009211 
242 0 1 |a Making more effective material flow and design of clutch plate and cover of packing system according to proposed methodology in company ZF Slovakia  |y eng 
245 1 0 |a Zefektívnenie materiálového toku a návrh systému pre balenie lamely a veka spojky pomocou navrhovanej metodiky v ZF Slovakia 
260 |c 2016 
650 4 |a layout  |2 slo 
650 4 |a systém  |2 slo 
650 4 |a materiálový tok  |2 slo 
650 4 |a balenie  |2 slo 
650 4 |a priemyselný robot  |2 slo 
650 4 |a simulácia  |2 slo 
650 4 |a metodika  |2 slo 
650 4 |a material flow  |2 eng 
650 4 |a layout  |2 eng 
650 4 |a system  |2 eng 
650 4 |a packing  |2 eng 
650 4 |a industrial robot  |2 eng 
650 4 |a simulation  |2 eng 
650 4 |a methodology  |2 eng 
700 1 |a Delgado Sobrino, Daynier Rolando  |u 063000  |k Z2  |4 ths  |U MTF Materiálovotechnologická fakulta  |T MTF Ústav výrobných technológií  |X 45485  |U M3000  |Y 83  |7 A000045485 
856 4 |u http://is.stuba.sk/zp/portal_zp.pl?podrobnosti=118438 
996 |c M* DP-12801  |l MMSKP  |s P  |a 0  |w stuzp56123_0001 
SQL |a stuzp56123  |b DDP  |c SLO  |d Zefektívnenie materiálového toku a návrh systému pre balenie lamely a veka spojky pomocou navrhovanej metodiky v ZF Slovakia  |e 9211  |f Bachorík, Kristián  |g 063000  |h 45485  |i Delgado Sobrino, Daynier Rolando  |j 20160608  |k 195  |l 06  |m http://is.stuba.sk/zp/portal_zp.pl?podrobnosti=118438  |n I-VZS  |o 5.2.50. výrobná technika